000 00651nam a2200205Ia 4500
003 GCL
005 20240530102329.0
008 140319s9999 xx 000 0 ara d
040 _aGCL /
_cGCL
082 0 4 _a415.1
_bن ا
100 1 _aنجاة عبدالعظيم الكوفى
245 1 0 _aابنية الافعال دراسة لغوية قرانية /
_cنجاة عبدالعظيم الكوفى
260 _a[S.N] :
_bدار الثقافة للنشر والتوزيع ،
_c1989
300 _a311 ص
650 0 4 _aالنحو
650 0 4 _aاللغة العربية
650 0 4 _aالافعال
650 0 4 _aالقران
942 _2ddc
_cBK
999 _c31478
_d31478